Constellations by Star Quiz #2 - Statistics

General Stats
  • This quiz has been taken 52 times
  • The average score is 10 of 20
Answer Stats
Star Name Constellation % Correct
Castor Gemini
95%
Rigel Orion
93%
Alioth Ursa Major
68%
Canopus Carina
64%
Achernar Eridanus
61%
Denebola Leo
59%
Mimosa Crux
57%
Alpheratz Andromeda
50%
Hamal Aries
48%
Alphard Hydra
48%
Fomalhaut Piscis Austrinus
48%
Adhara Canis Major
41%
Algol Perseus
41%
Albireo Cygnus
34%
Kaus Australis Sagittarius
34%
Hadar Centaurus
32%
Rasalhague Ophiuchus
27%
Thuban Draco
25%
Markab Pegasus
23%
Atria Triangulum Australe
23%
No matching quizzes found
Score Distribution
Percent of People with Each Score
Percentile by Number Answered
Your Score History
You have not taken this quiz